| Tag |
First Indicator |
Second Indicator |
Subfields |
| LEADER |
00000cam a2200000 i 4500 |
| 001 |
in00005465415 |
| 008 |
230421s2023 it a bc 100 0 eng d |
| 005 |
20250318223226.5 |
| 020 |
|
|
|a 9788867495726
|
| 020 |
|
|
|a 8867495720
|q hardcover
|
| 035 |
|
|
|a (OCoLC)on1378070225
|
| 035 |
|
|
|a (OCoLC)1378070225
|
| 040 |
|
|
|a C3L
|b eng
|e rda
|c C3L
|d ZCU
|d OCLCF
|d TEU
|d KUK
|d OCLCO
|d YDX
|
| 050 |
|
4 |
|a TR655
|b .H46 2023
|
| 082 |
1 |
4 |
|a 709
|2 14
|
| 111 |
2 |
|
|a Henie Onstad Triennial for Photography and New Media
|n (2nd :
|d 2023 :
|c Høvikodden, Norway)
|
| 245 |
1 |
0 |
|a New visions /
|c editor, Susanne Østby Sæther.
|
| 250 |
|
|
|a First edition.
|
| 264 |
|
1 |
|a Milan :
|b Mousse Publishing ;
|a Høvikodden :
|b Henie Onstad Kunstsenter,
|c 2023.
|
| 300 |
|
|
|a 169 pages :
|b color illustrations ;
|c 25 cm
|
| 336 |
|
|
|a text
|b txt
|2 rdacontent
|
| 337 |
|
|
|a unmediated
|b n
|2 rdamedia
|
| 338 |
|
|
|a volume
|b nc
|2 rdacarrier
|
| 500 |
|
|
|a Catalog of the 2nd Henie Onstad Triennial for Photography and New Media, held at the Henie Onstad Kunstsenter, Høvikodden, Norway, April 14-September 17, 2023.
|
| 504 |
|
|
|a Includes bibliographical references.
|
| 505 |
0 |
|
|a Foreword / Caroline Ugelstad -- New visions 2023 / Inga Lαce, Reem Shadid, and Susanne Østby Sæther -- The atomic condition / Eglė Rindzeviktė -- Artists
|
| 520 |
|
|
|a This catalog accompanies the second Henie Onstad Triennial for Photography and New Media, which gathers experimental camera-based art from across Norway, the Middle East, Eastern Europe and Central Asia. Presenting work by 22 artists, the book highlights their use of novel techniques such as AI.
|
| 650 |
|
0 |
|a Art, Modern
|y 21st century
|v Exhibitions.
|
| 650 |
|
0 |
|a Art and photography
|v Exhibitions.
|
| 650 |
|
0 |
|a Video installations (Art)
|v Exhibitions.
|
| 650 |
|
6 |
|a Art
|0 (CaQQLa)201-0363859
|y 21e siècle
|0 (CaQQLa)201-0363859
|v Expositions.
|0 (CaQQLa)201-0378191
|
| 650 |
|
6 |
|a Art et photographie
|0 (CaQQLa)201-0027250
|v Expositions.
|0 (CaQQLa)201-0378191
|
| 650 |
|
6 |
|a Installations vidéo (Art)
|0 (CaQQLa)000264886
|v Expositions.
|0 (CaQQLa)201-0378191
|
| 650 |
|
7 |
|a Art and photography
|2 fast
|0 (OCoLC)fst00815420
|
| 650 |
|
7 |
|a Art, Modern
|2 fast
|0 (OCoLC)fst00816615
|
| 650 |
|
7 |
|a Video installations (Art)
|2 fast
|0 (OCoLC)fst01747580
|
| 648 |
|
7 |
|a 2000-2099
|2 fast
|
| 655 |
|
7 |
|a exhibition catalogs.
|2 aat
|0 (CStmoGRI)aatgf300026096
|
| 655 |
|
7 |
|a Exhibition catalogs.
|2 lcgft
|
| 655 |
|
7 |
|a Catalogues d'exposition.
|2 rvmgf
|0 (CaQQLa)RVMGF-000001063
|
| 700 |
1 |
|
|a Sæther, Susanne Østby,
|e editor.
|
| 710 |
2 |
|
|a Henie-Onstad kunstsenter,
|e host institution,
|e issuing body.
|
| 852 |
8 |
|
|b pda,print
|z This title is available for the library to purchase for your use. Click the "Purchase It For Me" button to place a request. This item may take 5-10 business days to arrive.
|
| 955 |
|
|
|a Print PDA title
|
| 961 |
|
|
|m 565730
|
| 999 |
f |
f |
|s 05f77029-e27f-46a6-a5c3-7f7df575c928
|i c613522d-0a25-4358-b560-fc6ada60c79a
|t 0
|
| 952 |
f |
f |
|a Texas A&M University
|b College Station
|c Sterling C. Evans Library
|d Purchase on Demand
|t 0
|e TR655 .H46 2023
|h Library of Congress classification
|
| 998 |
f |
f |
|a TR655 .H46 2023
|t 0
|l Purchase on Demand
|